| 000 | 00381nam a2200157 4500 | ||
|---|---|---|---|
| 008 | 190319s1974||||xo d | ||
| 100 | 1 |
_aŠtefancovic Jozef _9968 |
|
| 245 | 1 | 0 | _aZákladné pedagogické a psychologické diela |
| 250 | _a1. vydanie | ||
| 260 |
_bSPN _aBratislava _c1974 |
||
| 300 | _a240 s. | ||
| 020 | _c0 | ||
| 041 | 1 | _aslo | |
| 044 |
_axo _cSK |
||
| 958 | _aAPR | ||
| 999 |
_c22229 _d22229 |
||